000 00972nam0a22002771 4500
001 rc\4490010
005 20250612100403.0
021 _aRU
_b[65-63762]
035 _a(NLR Aleph) 008607845
090 _a8744857
_c8744857
100 _a20130416d1965 |||y0rusy50 ca
101 0 _arus
102 _aRU
105 _ay z |||||
200 1 _aКомсомольский прожектор
_e[Сборник статей
210 _aЧелябинск]
_cЮж.-Урал. кн. изд-во
_d1965
215 _a79 с.
_d20
300 _aНа обороте тит. л. сост.: Г. Плехов
606 _a"Комсомольский прожектор"
_yЧелябинская область
_2psbo
606 _a"Комсомольский прожектор"
_yОренбургская область
_2psbo
702 1 _aПлехов
_bГ.
_4220
801 0 _aRU
_bNLR
_gpsbo
801 1 _aRU
_bELAR
_2rusmarc
852 _aNLR
_j65-4/13034
942 _cBOOK
980 _aNB